| 000 | 00410 a2200133 4500 | ||
|---|---|---|---|
| 001 | 92227 | ||
| 082 | _aPR 2484 | ||
| 090 |
_c44188 _d44187 |
||
| 100 | _aSaad Ur Rehman; Prof Haris Ali Khan and Dr. Baber Saeed (Advisors) | ||
| 245 |
_aMaterial Characterization of composite Materials under Fatigue Loading _h78 "A" EC |
||
| 260 |
_aIslamabad _bNUST _c2015 |
||
| 300 | _axiii,70p. | ||
| 500 | _aBE Project Report | ||
| 942 |
_aCAE NUST _kPR 2484 |
||
| 999 |
_c327300 _d327300 |
||